00278nam a22000857a 4500008004100000010001700041245007300058260002300131500003800154150721b xxu||||| |||| 00| 0 eng d 8HCCRSARF:033 aHIGH COURT CRIMINAL SESSION NO.229 OF 1975 Uganda Vs Asumani Kayanja aHigh Court Kampala 3BEFORE: Hon. Mr. Justice M. Saied